Eastern Utah Libraries Catalog: Duchesne, Heber, Roosevelt, & Vernal

Bobby and the big valentine / (Record no. 404147)

MARC details
000 -LEADER
fixed length control field 01407pam a2200373 i 4500
001 - CONTROL NUMBER
control field zcodcb b8723150
003 - CONTROL NUMBER IDENTIFIER
control field DLC
005 - DATE AND TIME OF LATEST TRANSACTION
control field 20250203170027.0
007 - PHYSICAL DESCRIPTION FIXED FIELD--GENERAL INFORMATION
fixed length control field t|
008 - FIXED-LENGTH DATA ELEMENTS--GENERAL INFORMATION
fixed length control field 241004s2024 nyua j 000 1 eng
010 ## - LIBRARY OF CONGRESS CONTROL NUMBER
LC control number 2024046094
020 ## - INTERNATIONAL STANDARD BOOK NUMBER
International Standard Book Number 9780593659779
Qualifying information hardcover
020 ## - INTERNATIONAL STANDARD BOOK NUMBER
International Standard Book Number 0593659775
040 ## - CATALOGING SOURCE
Original cataloging agency DLC
Language of cataloging eng
Description conventions rda
Transcribing agency DLC
Modifying agency DLC
-- IMmBT
042 ## - AUTHENTICATION CODE
Authentication code pcc
-- cyac
092 ## - LOCALLY ASSIGNED DEWEY CALL NUMBER (OCLC)
Classification number children holiday book
Item number Woitas
100 1# - MAIN ENTRY--PERSONAL NAME
Personal name Woitas, Timmy,
Relator term author.
Relator code aut.
9 (RLIN) 6538088
245 10 - TITLE STATEMENT
Title Bobby and the big valentine /
Statement of responsibility, etc words by Timmy Woitas ; illustrations by Addy Rivera Sonda.
264 #1 - Production, Publication, Distribution, Manufacture, and Copyright Notice.
Place of production, publication, distribution, manufacture New York :
Name of producer, publisher, distributor, manufacturer Penguin Workshop,
Date of production, publication, distribution, manufacture, or copyr 2024.
300 ## - PHYSICAL DESCRIPTION
Extent 1 volume (unpaged) :
Other physical details color illustrations ;
Dimensions 27 cm.
336 ## - Content Type
Content type term text
336 ## - Content Type
Content type term still image
337 ## - Media type
Media type term unmediated
338 ## - Carrier type
Carrier type term volume
520 ## - SUMMARY, ETC.
Summary, etc Bobby decides to make Eddie, his favorite person, a valentine as big as his feelings for him, but on Bobby's way to deliver the card, he begins to worry that Eddie might not feel the same way.
521 ## - TARGET AUDIENCE NOTE
Target audience note Ages 4-8.
Source Penguin Workshop.
650 #1 - SUBJECT ADDED ENTRY--TOPICAL TERM
Topical term or geographic name as entry element Valentines
Form subdivision Fiction.
9 (RLIN) 5686512
650 #1 - SUBJECT ADDED ENTRY--TOPICAL TERM
Topical term or geographic name as entry element Love
Form subdivision Fiction.
9 (RLIN) 5673905
650 #1 - SUBJECT ADDED ENTRY--TOPICAL TERM
Topical term or geographic name as entry element LGBTQ+ people
Form subdivision Fiction.
9 (RLIN) 6464064
650 #1 - SUBJECT ADDED ENTRY--TOPICAL TERM
Topical term or geographic name as entry element Picture books.
655 #7 - INDEX TERM--GENRE/FORM
Genre/form data or focus term Picture books.
Source of term lcgft.
700 1# - ADDED ENTRY--PERSONAL NAME
Personal name Sonda, Addy Rivera,
Relator term illustrator.
9 (RLIN) 6447019
942 ## - ADDED ENTRY ELEMENTS (KOHA)
Source of classification or shelving scheme Dewey Decimal Classification
Koha item type BOOK
Holdings
Withdrawn status Lost status Source of classification or shelving scheme Damaged status Not for loan Collection code Home library Current library Shelving location Date acquired Source of acquisition Total Checkouts Total Renewals Full call number Barcode Date last seen Date checked out Cost, replacement price Price effective from Koha item type
    Dewey Decimal Classification     Children Holiday Books Wasatch County Library Wasatch County Library Main Floor Childrens Area 02/03/2025 KidsReference 5 2 E Valentine's Day Woitas 34301002145102 03/09/2026 02/11/2026 18.99 02/03/2025 BOOK
This project was made possible through a grant from the Institute of Museum and Library Service administered by the Utah State Library Division.

Wasatch County Library

  • 465 East 1200 South, Heber City, Utah 84032
  • Phone 435-654-1511 | Fax 435-654-6456

Hours

  • Monday - Friday 9:30 AM - 8:00 PM
  • Saturday 9:30 AM - 1:30 PM
  • Closed Sundays and Holidays